| 000 | 02642nam a22002417a 4500 | ||
|---|---|---|---|
| 005 | 20240416130033.0 | ||
| 008 | 220914b ||||| |||| 00| 0 eng d | ||
| 040 | _cAL | ||
| 041 | _akannada | ||
| 082 |
_223 _a305.42K _bMILA |
||
| 100 |
_aKate Millet _9160665 |
||
| 245 |
_aAdhikara mattu adhinate: Kate Millet vicharagalu _bಅಧಿಕಾರ ಮತ್ತು ಅಧೀನತೆ: ಕೇಟ್ ಮಿಲೆಟ್ ವಿಚಾರಗಳು |
||
| 260 |
_aBengaluru _bAkasha Prakashana _c2022 |
||
| 300 |
_a592p. _bHB _c22x14cm. |
||
| 365 |
_2Sociology _aBLCR-000075 _b520.00 _c₹ _d650.00 _e20% _f01-09-2022 |
||
| 520 | _aಜಗದ್ವಿಖ್ಯಾತ ಸ್ತ್ರೀವಾದಿ ಚಿಂತಕಿ ಕೇಟ್ ಮಿಲೆಟ್ ಅವರ Sexual Politics ಕೃತಿಯ ಕನ್ನಡ ನಿರೂಪಣೆ: ಶ್ರೀಮತಿ ಎಚ್ ಎಸ್ ಅವರಿಂದ ಮೊದಲ ಬಾರಿಗೆ ಕನ್ನಡದಲ್ಲಿ ಅನುವಾದಗೊಂಡಿದೆ. ಇದು ಸ್ತ್ರೀವಾದಿ ಕ್ಷೇತ್ರದಲ್ಲಿ ಕ್ರಾಂತಿಕಾರಿ ಕೃತಿ. ಪುರುಷ ಪ್ರಧಾನತೆಯು ಹೆಣ್ಣನ್ನು ಲೈಂಗಿಕತೆಯ ಮೂಲಕ ಅಧೀನಗೊಳಿಸಿರುವುದನ್ನು ಕೂಲಂಕಷವಾಗಿ ತೆರೆದಿಡುತ್ತದೆ. ಲೈಂಗಿಕತಾ ರಾಜಕಾರಣದ ಅನೇಕ ಆಯಾಮಗಳನ್ನು ಸಮರ್ಪಕವಾದ, ಖಚಿತವಾದ ನೆಲೆಗಳಲ್ಲಿ ಶೋಧಿಸಿದೆ. ಅಧಿಕಾರವು ಪುರುಷ ಪ್ರಧಾನತೆಯನ್ನು ಹೇಗೆಲ್ಲ ಸೃಷ್ಟಿಸಿಕೊಂಡು ಹೆಣ್ಣನ್ನು ಅಧೀನವಾಗಿಸುವ ತಂತ್ರಗಳನ್ನು ಹೆಣೆದಿದೆ ಎಂಬುದರ ವಿಸ್ತೃತ, ವಿದ್ವತ್ಪೂರ್ಣ ಅಧ್ಯಯನವೇ ಈ ಕೃತಿ. ಇನ್ನು ಇದರ ಕನ್ನಡ ನಿರೂಪಣೆಯನ್ನು ಮಾಡಿರುವ ಡಾ.ಶ್ರೀಮತಿ ಅವರು ಅನುವಾದಕ್ಕೊಂದು ಹೊಸ ಮಾದರಿಯನ್ನು ಸೃಷ್ಟಿಸಿದ್ದಾರೆ. | ||
| 650 |
_aLaingikata Rajakarana: ಲೈಂಗಿಕತಾ ರಾಜಕಾರಣ _957426 |
||
| 650 |
_aLaingikata Kranti: ಲೈಂಗಿಕತಾ ಕ್ರಾಂತಿ _957427 |
||
| 650 |
_aEduru Kranti: ಎದುರು ಕ್ರಾಂತಿ _957428 |
||
| 700 |
_aMILLET (Kate): ಮಿಲೆಟ್ (ಕೇಟ್) _957429 |
||
| 700 |
_aSHRIMATI (H S): ಶ್ರೀಮತಿ (ಎಚ್ ಎಸ್) Tr _957430 |
||
| 942 |
_2ddc _cBK |
||
| 999 |
_c224598 _d224598 |
||